LEADER 00984nam0-22003251i-450- 001 990000072130403321 005 20111018211132.0 035 $a000007213 035 $aFED01000007213 035 $a(Aleph)000007213FED01 035 $a000007213 100 $a20020821d1932----km-y0itay50------ba 101 0 $aita 102 $aIT 105 $aa-------001yy 200 1 $a<>mausoleo di Posillipo$emonumento e tomba dei napoletani caduti in guerra$fopera di Alfonso Guerra$gcompletata da Camillo Guerra 210 $aNapoli$cM. Pescarolo$d1932 215 $a64 p.$cill.$d29 cm 225 1 $aQuaderni di architettura e di urbanistica napoletana$v1 610 0 $aNapoli$aMausoleo 610 0 $aMausoleo$aNapoli 676 $a726.809 457 3 700 1$aGuerra,$bAlfonso 801 0$aIT$bUNINA$gRICA$2UNIMARC 901 $aBK 912 $a990000072130403321 952 $a13 L 07 09$b16945/1$fFINBC 952 $a13 E 07 01$b24412/1$fFINBC 959 $aFINBC 997 $aUNINA LEADER 01122cam--2200361---450- 001 990003413630203316 005 20120607141329.0 010 $a978-3-540-78882-9 035 $a000341363 035 $aUSA01000341363 035 $a(ALEPH)000341363USA01 035 $a000341363 100 $a20100616d2010----km-y0itay50------ba 101 $aeng 102 $aDE 105 $a||||||||001yy 200 1 $aEuropean yearbook of international economic law 2010$fChristoph Herrmann, Jörg Philipp Terhechte 210 $aBerlin$cSpringer$d2010 215 $aXV, 426 p.$d24 cm 606 0 $aCommercio internazionale$2BNCF 676 $a382.71 702 1$aHERRMANN,$bChristoph 702 1$aTERHECHTE,$bPhilipp Jörg 801 0$aIT$bsalbc$gISBD 912 $a990003413630203316 951 $aXXIII.2.D. 312$b67446 G.$cXXIII.2.D.$d00259605 959 $aBK 969 $aGIU 979 $aFIORELLA$b90$c20100616$lUSA01$h1316 979 $aFIORELLA$b90$c20100616$lUSA01$h1320 979 $aCHIARA$b90$c20120607$lUSA01$h1413 996 $aEuropean yearbook of international economic law 2010$91125729 997 $aUNISA LEADER 01428nas 22004573a 450 001 996213269903316 005 20231021213021.0 011 $a1942-2512 035 $a(DE-599)ZDB2472072-0 035 $a(OCoLC)226394433 035 $a(CKB)1000000000392710 035 $a(CONSER)--2008212547 035 $a(EXLCZ)991000000000392710 100 $a20080430a20089999 s-- a 101 0 $aeng 135 $aurcnu|||||||| 181 $ctxt$2rdacontent 182 $cc$2rdamedia 183 $acr$2rdacarrier 200 00$aAmerican journal of business education 210 $aLittleton, CO $cClute Institute for Academice Research 300 $aRefereed/Peer-reviewed 300 $aTitle from caption (publisher's Web site viewed Jan. 2, 2009). 311 $a1942-2504 606 $aBusiness education$vPeriodicals 606 $aBusiness education$2fast$3(OCoLC)fst00842480 606 $aEnseignement commercial$vPériodiques 608 $aPeriodicals.$2fast 608 $aperiodicals.$2aat 608 $aPeriodicals.$2lcgft 608 $aPériodiques.$2rvmgf 610 $aBusiness Education 615 0$aBusiness education 615 7$aBusiness education. 615 6$aEnseignement commercial 676 $a650 712 02$aClute Institute for Academic Research. 906 $aJOURNAL 912 $a996213269903316 996 $aAmerican journal of business education$91968806 997 $aUNISA